Nommez une ville par agglomération française - Statistiques

Statistiques générales
  • Ce quiz a été pris 597 fois
  • Le résultat moyen est 15 sur 50
Statistiques - réponses
Unités Urbaines
Nb communes
(dont ville centre)
Communes % Correct
Paris 406
97%
Lyon 123
91%
Lille 60
78%
Marseille - Aix en Provence 50
70%
Bordeaux 73
69%
Toulouse 81
63%
Nice 51
63%
Toulon 27
58%
Bayonne 28
51%
Nantes 22
48%
Grenoble 38
45%
Tours 38
42%
Rouen 50
39%
Avignon 59
38%
Strasbourg 23
35%
Douai - Lens 67
31%
Rennes 16
31%
Metz 42
29%
Saint Étienne 32
28%
Saint Nazaire 17
28%
Nancy 28
27%
Montpellier 22
25%
Orléans 19
25%
Genève - Annemasse 34
25%
Clermont Ferrand 17
24%
Pau 55
24%
Caen 24
23%
Dijon 15
22%
Chambéry 35
22%
Angers 12
19%
Dunkerque 8
19%
Valenciennes 58
17%
Le Havre 18
17%
Brest 7
17%
Saint Pierre 3
16%
Pointe à Pitre - Les Abymes 11
15%
La Rochelle 11
14%
Reims 9
13%
Perpignan 15
13%
Saint Paul 3
13%
Béthune 94
12%
Le Mans 19
12%
Saint Denis 2
12%
Mulhouse 20
11%
Troyes 18
11%
Limoges 10
10%
Annecy 14
10%
Besançon 13
8%
Nîmes 9
7%
Amiens 11
7%
Aucun quiz correspondant
Distribution des résultats
% des personnes avec chaque résultat
Percentile par nombre de réponses
Votre historique - résultats
Vous n’avez pas pris ce quiz